000 00626nam a2200217 a 4500
001 19137
003 CO-ViMGA
008 141112s2004 ck r 000 u spa d
020 _a9584204238
040 _aCO-ViMGA
_bspa
_cCO-ViMGA
082 0 4 _a303.625 T377
100 1 _aBotero, Reinaldo ... (et al)
_927443
245 1 0 _aTerrorismo y seguridad
260 _aBogotá :
_bPlaneta; 2003
300 _a210 p.
490 _aPlaneta Semana
590 _aForma de adquisición : Premio Mincultura
650 1 4 _aCONFLICTO ARMADO - COLOMBIA
_92049
650 1 4 _aTERRORISMO - ENSAYOS, CONFERENCIAS, ETC.
_927444
942 _2ddc
_cBK
999 _c28308
_d28308